| 000 | 00427pab a2200169 454500 | ||
|---|---|---|---|
| 008 | 180718b1997 xxu||||| |||| 00| 0 eng d | ||
| 100 | _aDang, Satyapal | ||
| 245 | _aOn immunity for police officers fighting terrorism | ||
| 260 | _c1997 | ||
| 300 | _ap.9-11 | ||
| 362 | _a21 Jun | ||
| 650 | _aTerrorism - India - Punjab | ||
| 650 | _aPolice - India - Punjab | ||
| 650 | _aPolice | ||
| 773 | _aMainstream | ||
| 909 | _a34566 | ||
| 999 |
_c34566 _d34566 |
||